00929nam a2200277Ia 450000500170000000800410001702000180005802000150007610000180009124500610010925000180017030000500018853400150023865000450025365000450029865000410034365000470038470000290043170000290046026400280048933600270051733700330054433800280057704000350060508400110064020220317001450.0161108s2004 sp a g 000 0 s  a9788484881728 a84848817251 aLach, William10aCon amor de bebécWilliam Lach ; obras de Mary Cassatt a1a. edición a[36] páginasbilustraciones en colorc23 cm tBaby loves142LEMBaAlbumen infantiles estadounidenses142LEMBaLiteratura infantil estadounidense142LEMBaLibros ilustrados para niños142LEMBaDesarrollo infantil en la literatura1 aCassatt, Maryd1844-19261 aCassatt, Maryd1844-1926 aBarcelonabSerresc2004 atextobtxt2rdacontent asin mediaciónbn2rdamedia avolumenbnc2rdacarrier aCO-BoRNBPbspaerdacCO-BoRNBP aA LAC3